000 00539nam a22001697a 4500
999 _c3027
_d3027
005 20181022201347.0
008 181022b ||||| |||| 00| 0 eng d
040 _cDLC
082 _a248
_bG464O
100 _aGilbert, Bryan
245 _aOne Step Forward Campaign (Part One) /
_bA One Step Forward Bible Study Book
_cBy Bryan Gilbert
260 _aBombay :
_bOne Step Forward Trust,
_cc1971.
300 _a36 p.;
650 _aGrowth and Commitment
_xchristian life
650 _aEvagelism
_xHuman Relationship - church
942 _2ddc
_cBK